Problems of partnership of Russia and coutries of Commonwealth of independent states (CIS) with the European Union
Problémy a perspektívy strategického partnerstva medzi Európskou úniou a Ruskom. Východné partnerstvo - regionálna iniciatíva Európskej únie. Kooperačná stratégia Európskej únie s krajinami centrálnej Ázie. Hlavným partnerom EÚ v centrálnej Ázii je Kazachstan.
Gespeichert in:
| 1. Verfasser: | |
|---|---|
| Format: | Buchkapitel |
| Sprache: | Englisch |
| Schlagworte: | |
| Tags: |
Keine Tags, Fügen Sie das erste Tag hinzu!
|
MARC
| LEADER | 00000naa$a2200000$$$4500 | ||
|---|---|---|---|
| 001 | 0124560 | ||
| 005 | 20240502083316.0 | ||
| 041 | 0 | |a eng | |
| 044 | |a RU | ||
| 245 | 1 | 0 | |a Problems of partnership of Russia and coutries of Commonwealth of independent states (CIS) with the European Union |c Vladimír Gonda |
| 520 | |a Problémy a perspektívy strategického partnerstva medzi Európskou úniou a Ruskom. Východné partnerstvo - regionálna iniciatíva Európskej únie. Kooperačná stratégia Európskej únie s krajinami centrálnej Ázie. Hlavným partnerom EÚ v centrálnej Ázii je Kazachstan. | ||
| 610 | 2 | 0 | |a partnerstvo strategické |
| 610 | 2 | 0 | |a Európska únia |
| 610 | 2 | 0 | |a Rusko |
| 610 | 2 | 0 | |a stredná Ázia |
| 610 | 2 | 0 | |a Kazachstan |
| 100 | 1 | |a Gonda, Vladimír | |